| 000 | 03918cam a22006617a 4500 | ||
|---|---|---|---|
| 003 | CHAP | ||
| 005 | 20220329133344.0 | ||
| 008 | 971013s1991 r 00010 d | ||
| 010 | _a5375 | ||
| 011 | _a6347 | ||
| 035 | _a5567 | ||
| 040 | _cCHAP | ||
| 082 |
_a312.0972 _bM49c 1990 Pue. |
||
| 110 |
_aInstituto Nacional de Estadística, Geografía e Informática. México _959304 |
||
| 245 | 0 | _aCenso general de población y vivienda (11o.) 1990: Puebla : resultados definitivos | |
| 260 |
_aAguascalientes, Ags. : _bEl Instituto, _c1991-19 . |
||
| 300 | _av. | ||
| 500 | _aLa biblioteca tiene: v.1-8 Resultados definitivos -- v.9 Integración territorial -- v.10 Datos por AGEB urbana -- v.11 Datos por AGEB urbana (96 mapas) -- v.12 Datos por AGEB urbana (95 mapas) -- v.13 Datos por AGEB urbana (97 mapas) -- v.14 Perfil soc | ||
| 590 |
_aBATCH-UPD _b10 _c20130110 _lUCH01 _h2123 |
||
| 590 |
_aBATCH-UPD _b10 _c20130410 _lUCH01 _h1432 |
||
| 590 |
_aBATCH-UPD _b10 _c20130914 _lUCH01 _h1822 |
||
| 590 |
_aCONVERSION _b10 _c20130109 _lUCH01 _h1304 |
||
| 650 | 1 | 4 |
_aMéxico _xCensos (1990) _976661 |
| 650 | 1 | 4 |
_aPoblación _xEstadísticas _zPuebla. _989393 |
| 650 | 1 | 4 |
_aVivienda _xPuebla. _9120142 |
| 901 | _aBK | ||
| 942 | _cLIBRO | ||
| 949 |
_a312.0972 M49c 1990 Pue. _bBC _cC _d33724000466348 _eC _fv.8 _h81958 _i5567 _si |
||
| 949 |
_a312.0972 M49c 1990 Pue. _bBC _cC _d33724000466355 _eC _fv.8 c.2 _h81967 _i5567 _si |
||
| 949 |
_a312.0972 M49c 1990 Pue. _bBC _cC _d33724000466363 _eC _fv.1 c.2 _h81960 _i5567 _si |
||
| 949 |
_a312.0972 M49c 1990 Pue. _bBC _cC _d33724000466561 _eC _fv.15 _h88876 _i5567 _sb |
||
| 949 |
_a312.0972 M49c 1990 Pue. _bBC _cC _d33724000483020 _eC _fv.3 c.2 _h81962 _i5567 _si |
||
| 949 |
_a312.0972 M49c 1990 Pue. _bBC _cC _d33724000483038 _eC _fv.6 c.2 _h81965 _i5567 _si |
||
| 949 |
_a312.0972 M49c 1990 Pue. _bBC _cC _d33724000483046 _eC _fv.9 c.2 _h90935 _i5567 _si |
||
| 949 |
_a312.0972 M49c 1990 Pue. _bBC _cC _d33724000483053 _eC _fv.5 c.2 _h81964 _i5567 _si |
||
| 949 |
_a312.0972 M49c 1990 Pue. _bBC _cC _d33724000485355 _eC _fv.3 _h81953 _i5567 _si |
||
| 949 |
_a312.0972 M49c 1990 Pue. _bBC _cC _d33724000485454 _eC _fv.2 c.2 _h81961 _i5567 _si |
||
| 949 |
_a312.0972 M49c 1990 Pue. _bBC _cC _d33724000485595 _eC _fv.4 c.2 _h81951 _i5567 _si |
||
| 949 |
_a312.0972 M49c 1990 Pue. _bBC _cC _d33724000485603 _eC _fv.9 _h81959 _i5567 _si |
||
| 949 |
_a312.0972 M49c 1990 Pue. _bBC _cC _d33724000485611 _eC _fv.5 _h81955 _i5567 _si |
||
| 949 |
_a312.0972 M49c 1990 Pue. _bBC _cC _d33724000485629 _eC _fv.4 _h81954 _i5567 _si |
||
| 949 |
_a312.0972 M49c 1990 Pue. _bBC _cC _d33724000504940 _eC _fv.14 _h84805 _i5567 _si |
||
| 949 |
_a312.0972 M49c 1990 Pue. _bBC _cC _d33724000505079 _eC _fv.1 _h81951 _i5567 _si |
||
| 949 |
_a312.0972 M49c 1990 Pue. _bBC _cC _d33724000505319 _eC _fv.2 _h81952 _i5567 _si |
||
| 949 |
_a312.0972 M49c 1990 Pue. _bBC _cC _d33724000506366 _eC _fv.7 c.2 _h81966 _i5567 _si |
||
| 949 |
_a312.0972 M49c 1990 Pue. _bBC _cC _d33724000535431 _eC _fv.14 c.2 _h84806 _i5567 _si |
||
| 949 |
_a312.0972 M49c 1990 Pue. _bBC _cC _d33724000535449 _eC _fv.10 _h84725 _i5567 _si |
||
| 949 |
_a312.0972 M49c 1990 Pue. _bBC _cC _d33724000535860 _eC _fv.10 c.2 _h84729 _i5567 _si |
||
| 949 |
_a312.0972 M49c 1990 Pue. _bBC _cC _d33724000536447 _eC _fv.7 _h81957 _i5567 _si |
||
| 949 |
_a312.0972 M49c 1990 Pue. _bBC _cC _d33724000536504 _eC _fv.9 c.2 _h81968 _i5567 _si |
||
| 949 |
_a312.0972 M49c 1990 Pue. _bBC _cC _d33724000536512 _eC _fv.6 _h81956 _i5567 _si |
||
| 949 |
_a312.0972 M49c 1990 Pue. _bBC _cESP _d-76166 _eESP _fv.11 mapas _h84726 _i5567 _si |
||
| 949 |
_a312.0972 M49c 1990 Pue. _bBC _cESP _d-76167 _eESP _fv.11 c.2 mapas _h84730 _i5567 _si |
||
| 949 |
_a312.0972 M49c 1990 Pue. _bBC _cESP _d-76168 _eESP _fv.12 mapas _h84727 _i5567 _si |
||
| 949 |
_a312.0972 M49c 1990 Pue. _bBC _cESP _d-76169 _eESP _fv.12 c.2 mapas _h84731 _i5567 _si |
||
| 949 |
_a312.0972 M49c 1990 Pue. _bBC _cESP _d-76171 _eESP _fv.13 mapas _h84728 _i5567 _si |
||
| 949 |
_a312.0972 M49c 1990 Pue. _bBC _cESP _d-76172 _eESP _fv.13 c.2 mapas _h84732 _i5567 _si |
||
| 999 |
_c5375 _d5375 |
||